Guess the Movie/TV Show - Pixelated Images #7 - Statistics

General Stats
  • This quiz has been taken 80 times
  • The average score is 12 of 15
Answer Stats
Picture Hint Answer % Correct
2009 Avatar
97%
2013 Frozen
93%
1976–1978 The Scooby-Doo Show
93%
2022–present Wednesday
93%
2012 The Amazing Spider-Man
88%
2001 Monsters, Inc.
86%
2011 Captain America: The First Avenger
85%
1989 The Little Mermaid
85%
1966–1969 Star Trek: The Original Series
84%
1982 E.T. the Extra-Terrestrial
81%
2011–2019 Game of Thrones
78%
2010–2022 The Walking Dead
60%
2018 The Predator
59%
2005 Corpse Bride
58%
2021 (1 season) WandaVision
30%
No matching quizzes found
Score Distribution
Percent of People with Each Score
Percentile by Number Answered
Your Score History
You have not taken this quiz